Manual de Aplicación: reglamentación térmico, ordenanza general de urbanismo y construcciones artículo 4.1.10
Uloženo v:
| Korporativní autor: | |
|---|---|
| Médium: | Kniha |
| Jazyk: | španělština |
| Vydáno: |
Santiago
MINVU
2006
|
| Témata: | |
| Tagy: |
Přidat tag
Žádné tagy, Buďte první, kdo vytvoří štítek k tomuto záznamu!
|
MARC
| LEADER | 00000nam a2200000 a 4500 | ||
|---|---|---|---|
| 001 | UCI0721 | ||
| 003 | CL-VaPUC | ||
| 008 | 070525e20060000CL |||||||||||||||||spa|d | ||
| 082 | 0 | 4 | |a 693.842 |b MIN |2 21 |
| 110 | 2 | |a MINVU |e author |9 520906 | |
| 245 | 1 | 0 | |a Manual de Aplicación: reglamentación térmico, ordenanza general de urbanismo y construcciones artículo 4.1.10 |
| 300 | |a 103 p | ||
| 942 | |c BK | ||
| 945 | |d 20070525 00:00:00 |a jtorresc | ||
| 260 | |a Santiago |b MINVU |c 2006 | ||
| 650 | 0 | |a Viviendas |9 255326 | |
| 650 | 0 | |a Normas de construcción |9 520907 | |
| 650 | 0 | |a Aislamiento térmico |9 262738 | |
| 651 | 7 | |a CHILE |2 CL-VaPUC |9 520908 | |
| 583 | |a last modification |c 20140404 06:47:53 |k Rodrigo Vera | ||
| 999 | |c 325775 |d 325773 | ||
| 952 | |0 0 |1 0 |4 0 |6 693_842000000000000_MIN_2006 |7 0 |8 A |9 407102 |a BIBARQ |b BIBARQ |d 2019-11-22 |i 4335341 |l 1 |m 1 |o 693.842 MIN 2006 |p 4335341 |r 2025-01-20 |s 2023-04-19 |w 2019-11-22 |y BK |k ARQ | ||